A to Z With Yellow Box - Statistics

General Stats
  • This quiz has been taken 48 times
  • The average score is 24 of 26
Answer Stats
Answer % Correct
A
100%
B
96%
C
96%
D
96%
E
96%
F
96%
G
96%
H
96%
I
96%
J
96%
K
96%
L
92%
M
92%
N
92%
O
92%
P
92%
Q
92%
R
92%
S
92%
T
92%
U
92%
V
92%
W
88%
X
84%
Y
84%
Z
80%
No matching quizzes found
Score Distribution
Percent of People with Each Score
Percentile by Number Answered
Your Score History
You have not taken this quiz